Normal view
MARC view
- Khan, Muhamamd Ayub
Entry Personal Name
001 - CONTROL NUMBER
- control field: 46201
003 - CONTROL NUMBER IDENTIFIER
- control field: NUST
005 - DATE AND TIME OF LATEST TRANSACTION
- control field: 20210314133442.0
008 - FIXED-LENGTH DATA ELEMENTS
- fixed length control field: 210314|| aca||aabn | a|a d
040 ## - CATALOGING SOURCE
- Original cataloging agency: NUST
- Transcribing agency: NUST
100 ## - HEADING--PERSONAL NAME
- Personal name: Khan, Muhamamd Ayub
670 ## - SOURCE DATA FOUND
- Source citation: Work cat.: (NUST): Khan, Muhamamd Ayub, جس رزق سے آآتی ہو پرواز میں کوتاہی صرر پاکستان محمد ایوب خان سیاسی سوانح حیات
